Šlechtitelská a množitelská problematika jahodníku zahradního

Bibliographic Details
Main Author: Lužný, Jan, 1926-2013 (Author)
Format: Article
Language:Czech
Subjects:

MARC

LEADER 00000nab a2200000 a 4500
001 vtls000185183
003 SK-MaSNL
005 20260304234422.0
008 160201c1984 xo 0 cze
015 |a SNBRB19rr/mm-uuuuu 
035 |a CL0195296 
040 |a SNKBUCL  |b slo  |c SNKBUCL  |e AACR2 
041 0 |a cze 
044 |a xo  |c SK 
080 |a 634.75:631.52/.53  |2 1981 
080 |a 631.52/.53  |2 1981 
100 1 |a Lužný, Jan,  |d 1926-2013  |4 aut  |9 156273 
245 1 0 |a Šlechtitelská a množitelská problematika jahodníku zahradního  |c Jan Lužný 
650 0 7 |a jahody  |2 snkbucl  |9 14937 
650 0 7 |a šľachtenie  |2 snkbucl  |9 298371 
655 7 |a články z novín a časopisov  |2 snkbucl  |9 267496 
773 0 |t Záhradníctvo  |g Roč. 9, č. 6 (1984), s. 250-251 
850 |a Slovenská národná knižnica v Martine  |a MTA001 
852 |a SNK  |b KIS3GCP 
958 |a RK 
958 |a CZ 
992 |a RBX 
999 |c 3203813  |d 3205743